000
00298nam a2200121Ia 4500
008
190216s9999||||xx |||||||||||||| ||und||
100
_a
Wilfred Hingley & Frank Osborn
245
0
_a
Financial Management Made Simple
260
_b
Null
_c
1978
300
_a
345p
650
_a
Commerce
942
_c
BK
999
_c
4319
_d
4319